La Nacionalitat catalana / Enrich Prat de la Riba
ISBN:
978-84-393-7425-1
Descripción Física:
128 p. ; 16 cm
MARC
| LEADER | 00000nam a2200000Ia 4500 | ||
|---|---|---|---|
| 001 | 20669 | ||
| 008 | 160829s2007 xx 000 0 cat d | ||
| 020 | |a 978-84-393-7425-1 | ||
| 080 | |a M-6-58 | ||
| 100 | |a Prat de la Riba, Enric, |d 1870-1917 |9 25299 | ||
| 245 | |a La Nacionalitat catalana / Enrich Prat de la Riba | ||
| 250 | |a Ed. facsímil | ||
| 260 | |a Barcelona : |b Escola d'Administració Pública de Catalunya, |c 2007 | ||
| 300 | |a 128 p. ; |c 16 cm | ||
| 650 | 0 | |a Nacionalitat |z Catalunya |9 18924 | |
| 650 | 0 | |a Nacionalisme |z Catalunya |9 11008 | |
| 710 | |a Escola d'Administració Pública de Catalunya |9 15494 | ||
| 901 | |a Arxiu | ||
| 942 | |n 1 | ||
| 952 | |0 0 |1 0 |4 0 |6 M658 |7 1 |9 48316 |a Arxiu |b Arxiu |d 2016-12-01 |l 0 |o M-6-58 |p 20669 |r 2016-12-01 00:00:00 |w 2016-12-01 |y ARXIU | ||
| 999 | |c 52122 |d 52122 | ||